000 00343nam a2200133Ia 4500
008 240624s9999 xx 000 0 und d
041 _aeng
082 _a153.4 JOH
100 _aJOHNSON LAIRD PHILIP
245 _aMENTAL MODELS COGNITIVE SCIENCE
260 _c1986
_aCambridge
_bHarvard University Press
300 _a528 : p.
365 _c
_b27
999 _c15973
_d15973